LEADER 03454nam 2200493 450 001 9910639882103321 005 20230429235306.0 010 $a9783031200137$b(electronic bk.) 010 $z9783031200120 024 7 $a10.1007/978-3-031-20013-7 035 $a(MiAaPQ)EBC7165960 035 $a(Au-PeEL)EBL7165960 035 $a(CKB)25913959900041 035 $a(DE-He213)978-3-031-20013-7 035 $a(PPN)267814267 035 $a(EXLCZ)9925913959900041 100 $a20230429d2023 uy 0 101 0 $aeng 135 $aurcnu|||||||| 181 $ctxt$2rdacontent 182 $cc$2rdamedia 183 $acr$2rdacarrier 200 12$aA Beauty-Ful Boson $eSearch for the Higgs Boson Produced in Association with a Vector Boson and Decaying into a Pair of B-Quarks Using Large-R Jets with the ATLAS Detector /$fGiulia Di Gregorio 205 $a1st ed. 2023. 210 1$aCham, Switzerland :$cSpringer,$d[2023] 210 4$dİ2023 215 $a1 online resource (229 pages) 225 1 $aSpringer Theses Series 300 $a"Doctoral Thesis accepted by University of Pisa, Pisa, Italy."--Title page. 311 08$aPrint version: Di Gregorio, Giulia A Beauty-Ful Boson Cham : Springer International Publishing AG,c2023 9783031200120 320 $aIncludes bibliographical references. 327 $a1. Theoretical aspects and Analysis overview -- 2. The Large Hadron Collider and the ATLAS experiment -- 3. Dataset and simulated event samples -- 4. Object reconstruction -- 5. Event Selection and categorization -- 6. Systematic uncertainties -- 7. Statistical Treatment -- 8 - Results of the VH(bb) boosted analysis -- 9. Cross-section measurements of the VZ production -- 10. Conclusions -- Appendix: A - EFT eigenvector results in the VH(bb) resolved analysis -- Appendix: B - The Tile Calorimeter design, calibration methods and the photomultiplier stability -- Appendix: C - Efficiency studies in the event selection -- Appendix: D - Pull plots. 330 $aThe analysis described in this thesis is the search for the Higgs boson, decaying into bb pair, in the associated production with a vector boson, in the extreme Higgs boson transverse momentum region where the Higgs boson is reconstructed using the large-R jet technique. The use of the large-R jets allows to add a part of the phase space unexplored so far, which is particularly sensitive to possible new physics. The analysed data have been collected at LHC by the ATLAS detector between 2015 and 2018 at a centre-of-mass energy of ?s = 13 TeV. The same dataset has been used to perform the differential pp ? ZH and pp ? WH cross-section measurements used to extract the information on the Higgs couplings and to put limits on Beyond the Standard Model effects. Furthermore the analysis has been re-used to perform a cross-section measurement of the diboson ZZ and WZ processes because the diboson and the Higgs processes have a similar topology. For the first time the ZZ(bb) and WZ(bb) cross-sections are measured at ?s = 13 TeV and the observed cross-section measurements are consistent with the Standard Model predictions. 410 0$aSpringer theses. 606 $aHiggs bosons 615 0$aHiggs bosons. 676 $a539.721 700 $aDi Gregorio$b Giulia$01274670 801 0$bMiAaPQ 801 1$bMiAaPQ 801 2$bMiAaPQ 912 $a9910639882103321 996 $aA Beauty-Ful Boson$93003380 997 $aUNINA LEADER 04896nam 2200529 450 001 9910795384203321 005 20230629225847.0 010 $a90-04-46962-1 024 7 $a10.1163/9789004469624 035 $a(CKB)4940000000617372 035 $z(OCoLC)1256627662 035 $a(nllekb)BRILL9789004469624 035 $a(MiAaPQ)EBC6794975 035 $a(Au-PeEL)EBL6794975 035 $a(OCoLC)1281990332 035 $a(EXLCZ)994940000000617372 100 $a20220719d2022 uy 0 101 0 $aeng 135 $aurun| uuuua 181 $ctxt$2rdacontent 182 $cc$2rdamedia 183 $2rdacarrier 200 10$aService workers in the era of monopoly capital $ea Marxist analysis of service and retail labour /$fFabian van Onzen 210 1$aLeiden ;$aBoston :$cBrill,$d[2022] 210 4$dİ2022 215 $a1 online resource 225 1 $aStudies in Critical Social Sciences ;$vVolume 202 311 $a90-04-33705-9 320 $aIncludes bibliographical references and index. 327 $aList of Figures -- Preface -- Chapter 1: Introduction -- Centrality of Service Work in Contemporary Capitalism -- Overview of Book -- Chapter 2: Historical Materialism -- Method of Historical Materialism -- Mode of Production & Social Formation -- Historical Materialism Research -- Chapter 3: Marxism, Class, and the Service Industry -- Marxist Definition of Class -- Two Approaches to Class Analysis -- Main Classes of Capitalist Mode of Production -- ?The Working Class -- ?The Bourgeoisie -- ?The Petty-Bourgeoisie -- Chapter 4: Service Labour and Value Theory -- Marxism, Services, Commodities -- Surplus-Value and Service Workers -- Surplus Value in the Service Industry -- Productive and Unproductive Labour -- Increased Surplus-Value -- Conclusion -- Chapter 5: Retail and the Circulation of Commodities -- Circulation of Commodities -- Circulation Time and Costs of Circulation -- Production in Circulation -- Consumption Time & Consumption Period -- Chapter 6: Monopoly Capital and Imperialism -- Marx on Commercial Capital -- The Emergence of Monopoly Capital -- Imperialism and Monopoly Capitalism -- Imperialism and the Split in the Bourgeoisie -- Dependency Theory: Centre and Periphery -- Unequal Exchange -- Chapter 7: Two Stages of Production and Realisation -- Stage One: Production of Goods -- (Stage Two: The Realisation of Surplus-Value -- Possibilities for Resistance to Monopoly Capitalism -- Chapter 8: A Marxist Analysis of Outsourcing -- Bidvest-Noonan: A Case Study in Outsourcing -- Conclusion -- Chapter 9: Cleaning Workers and Surplus Value -- Molly Maid: A Case Study -- Conclusion -- Chapter 10: Organizing Retail and Service Workers -- Retail: H&M Workers in Germany -- Cleaners in Struggle -- Exposure Campaigns and Workers Power -- Conclusion -- Chapter 11: Service, Retail and Transport Under Socialism -- What is Socialism? -- ?Workers Power -- ?Socialist Mode of Production -- ?Socialist Planning -- Food Consumption Under Socialism -- Socialist Integration and Retail Labour Under Socialism -- Residential Cleaning Under Socialism -- Cleaning Outside the Home -- Transportation Under Socialism -- Conclusion -- Chapter 12: Afterword -- Index. 330 $aIn Service Workers in the Era of Monopoly Capital , Fabian van Onzen uses Marxist theory to analyse the process by which service and retail workers are exploited by the capitalist class. His analysis takes us through the primary concepts of Marxism-surplus-value, commodity form, etc.-and demonstrates their relevance for understanding the service industry. The book demonstrates that service and retail workers-shop employees, cleaners, hospitality workers-- are integral to the capitalist system and have significant power to transform society if organised properly. Van Onzen argues that the key to ending the exploitation of service workers is through the socialist transformation of society. The book contains an examination of what service work will be like under socialism and provides examples of how former socialist countries changed the nature of service labour. Service Workers in the Era of Monopoly Capital is an important addition to Marxist theory, which is still somewhat lacking in detailed accounts of the service and retail industry. 410 0$aStudies in critical social sciences ;$vVolume 202. 606 $aService industries workers 606 $aClerks (Retail trade) 606 $aHospitality industry$xEmployees 615 0$aService industries workers. 615 0$aClerks (Retail trade) 615 0$aHospitality industry$xEmployees. 676 $a331.793 700 $aVan Onzen$b Fabian$01583746 801 0$bMiAaPQ 801 1$bMiAaPQ 801 2$bMiAaPQ 906 $aBOOK 912 $a9910795384203321 996 $aService workers in the era of monopoly capital$93867135 997 $aUNINA